|
|
|
|
| LEADER |
00000nab a2200000 a 4500 |
| 001 |
vtls000188305 |
| 003 |
SK-MaSNL |
| 005 |
20260304062302.0 |
| 008 |
250422c1984 xo 0 slo |
| 015 |
|
|
|a SNBRB19rr/mm-uuuuu
|
| 035 |
|
|
|a CL0198418
|
| 035 |
|
|
|a (urnnbn)urn:nbn:sk:snk:ar-00691t
|
| 035 |
|
|
|a (uuid)6d7bbba7-9047-42b1-b54c-941ec5d627c0
|
| 035 |
|
|
|a urn:nbn:sk:snk-ab84jq
|
| 040 |
|
|
|a SNKBUCL
|b slo
|c SNKBUCL
|e AACR2
|
| 041 |
0 |
|
|a slo
|
| 044 |
|
|
|a xo
|c SK
|
| 080 |
|
|
|a 803.0-051
|2 1981
|
| 080 |
|
|
|a 929 Schwanzer, Viliam
|2 1981
|
| 100 |
1 |
|
|a Vaverková, Irena,
|d 1925-
|4 aut
|9 116803
|
| 245 |
1 |
0 |
|a Profesor Viliam Schwanzer sedemdesiatročný
|c Irena Vaverková
|
| 600 |
1 |
7 |
|a Schwanzer, Viliam,
|d 1913-1985
|2 snkbucl
|9 181914
|
| 655 |
|
7 |
|a články z novín a časopisov
|2 snkbucl
|9 267496
|
| 773 |
0 |
|
|t Jazykovedný časopis
|g Roč. 35, č. 1 (1984), s. 76-77
|
| 850 |
|
|
|a Slovenská národná knižnica
|
| 852 |
|
|
|a Slovenská národná knižnica
|
| 954 |
|
|
|a odborná, vedecká literatúra pôvodná (slovenská)
|2 lita
|
| 958 |
|
|
|a article9
|
| 958 |
|
|
|a OND
|
| 958 |
|
|
|a BX
|
| 958 |
|
|
|a RK
|
| 958 |
|
|
|a EUIPO
|
| 992 |
|
|
|a RBX
|
| 999 |
|
|
|c 2737331
|d 2739261
|